Quick Pick: North American Rivers Quiz Stats

 Plays Quiz Updated Oct 11, 2017

Challenge
Share
Tweet
Embed
Score 0/12 Timer 01:00
5 Plays Today
% Correct
Colorado
98.1%
Ohio
95.1%
Rio Grande
92.4%
Columbia
89.8%
Saint Lawrence
88.1%
Yukon
86.1%
Sacramento
85.5%
Fraser
67.3%
Dean
47.6%
Lankin
38.5%
Alsek
34.7%
Usumacinta
21.8%

Today's Daily Dose

You're not logged in!

Compare scores with friends on all Sporcle quizzes.
OR
Log In

You Might Also Like...

Show Comments

Extras

Top Quizzes Today


Score Distribution

Your Account Isn't Verified!

In order to create a playlist on Sporcle, you need to verify the email address you used during registration. Go to your Sporcle Settings to finish the process.

Report this User

Report this user for behavior that violates our Community Guidelines.

Details: